[Event "Russian Higher League 2021"]
[Site "?"]
[Date "2021.07.04"]
[Round "8.2"]
[White "Sarana, Alexey"]
[Black "Motylev, Alexander"]
[Result "1-0"]
[WhiteElo "2640"]
[BlackElo "2639"]
[Annotator ""]
[Source ""]
[Remark ""]

1.d4 {[%clk 1:30:58]} Nf6 {[%clk 1:30:55]} 2.c4 {[%clk 1:31:24]}
e6 {[%clk 1:31:20]} 3.Nf3 {[%clk 1:31:51]} d5 {[%clk 1:31:45]}
4.Nc3 {[%clk 1:32:17]} Nbd7 {[%clk 1:32:03]} 5.cxd5 {[%clk 1:24:11]}
exd5 {[%clk 1:31:41]} 6.Bg5 {[%clk 1:24:37]} h6 {[%clk 1:31:35]}
7.Bh4 {[%clk 1:25:00]} Be7 {[%clk 1:31:45]} 8.e3 {[%clk 1:25:18]}
O-O {[%clk 1:31:50]} 9.Bd3 {[%clk 1:25:38]} c6 {[%clk 1:32:14]}
10.O-O {[%clk 1:25:11]} Re8 {[%clk 1:32:04]} 11.Nd2 {[%clk 1:21:09]}
a6 {[%clk 1:31:50]} 12.Qc2 {[%clk 1:19:36]} c5 {[%clk 1:28:27]}
13.dxc5 {[%clk 1:19:28]} Nxc5 {[%clk 1:28:46]} 14.Nf3 {[%clk 1:19:48]}
Bd7 {[%clk 1:26:36]} 15.Rad1 {[%clk 1:15:29]} Rc8 {[%clk 1:20:19]}
16.Qb1 {[%clk 1:10:51]} Nxd3 {[%clk 1:07:05]} 17.Qxd3 {[%clk 1:10:38]}
Bg4 {[%clk 1:06:59]} 18.h3 {[%clk 1:06:37]} Bxf3 {[%clk 1:00:49]}
19.gxf3 {[%clk 1:06:11]} Rc6 {[%clk 0:59:26]} 20.Kh2 {[%clk 0:51:58]}
Qb6 {[%clk 0:34:57]} 21.Bxf6 {[%clk 0:37:05]} Bxf6 {[%clk 0:32:35]}
22.Nxd5 {[%clk 0:37:31]} Qxb2 {[%clk 0:32:46]} 23.f4 {[%clk 0:31:16]}
Bh4 {[%clk 0:15:59]} 24.Rd2 {[%clk 0:30:28]} Qb5 {[%clk 0:16:19]}
25.Qxb5 {[%clk 0:29:39]} axb5 {[%clk 0:16:48]} 26.Kg2 {[%clk 0:28:47]}
f5 {[%clk 0:15:25]} 27.Nb4 {[%clk 0:22:47]} Rc4 {[%clk 0:15:13]}
28.Rb1 {[%clk 0:22:58]} Be7 {[%clk 0:12:08]} 29.Nd5 {[%clk 0:21:24]}
b4 {[%clk 0:12:22]} 30.Rdb2 {[%clk 0:21:50]} Bf8 {[%clk 0:08:18]}
31.Nxb4 {[%clk 0:22:04]} Bxb4 {[%clk 0:08:06]} 32.Rxb4 {[%clk 0:22:33]}
Rc2 {[%clk 0:07:59]} 33.Kf3 {[%clk 0:22:26]} Rxa2 {[%clk 0:06:25]}
34.Rxb7 {[%clk 0:22:55]} Rf8 {[%clk 0:05:20]} 35.h4 {[%clk 0:21:03]}
Raa8 {[%clk 0:01:44]} 36.h5 {[%clk 0:21:23]} Rf7 {[%clk 0:01:49]}
37.R1b5 {[%clk 0:21:42]} Rxb7 {[%clk 0:01:52]} 38.Rxb7 {[%clk 0:22:11]}
Ra5 {[%clk 0:01:07]} 39.Re7 {[%clk 0:22:21]} Ra6 {[%clk 0:01:26]}
40.Kg3 {[%clk 0:50:28]} Kf8 {[%clk 0:31:01]} 41.Re5 {[%clk 0:50:53]}
Rf6 {[%clk 0:31:27]} 42.Kh4 {[%clk 0:42:23]} Kf7 {[%clk 0:31:23]}
43.Ra5 {[%clk 0:37:27]} Kf8 {[%clk 0:30:50]} 44.f3 {[%clk 0:37:16]}
Kf7 {[%clk 0:29:07]} 45.Kg3 {[%clk 0:35:04]} Kf8 {[%clk 0:26:34]}
46.e4 {[%clk 0:35:29]} Kf7 {[%clk 0:25:23]} 47.Re5 {[%clk 0:35:20]}
Kf8 {[%clk 0:25:14]} 48.Ra5 {[%clk 0:35:45]} Kf7 {[%clk 0:25:40]}
49.Ra8 {[%clk 0:36:01]} Ke7 {[%clk 0:23:43]} 50.Ra7+ {[%clk 0:35:48]}
Kf8 {[%clk 0:24:07]} 51.Rd7 {[%clk 0:36:14]} Re6 {[%clk 0:22:35]}
52.Rd3 {[%clk 0:35:45]} Kf7 {[%clk 0:22:13]} 53.Re3 {[%clk 0:34:49]}
Rf6 {[%clk 0:22:24]} 54.Re1 {[%clk 0:35:15]} Kf8 {[%clk 0:22:20]}
55.Rd1 {[%clk 0:34:26]} Kf7 {[%clk 0:21:16]} 56.Rd4 {[%clk 0:34:17]}
Kf8 {[%clk 0:21:28]} 57.Rd7 {[%clk 0:34:13]} Re6 {[%clk 0:21:35]}
58.e5 {[%clk 0:34:38]} Ra6 {[%clk 0:21:02]} 59.Kf2 {[%clk 0:35:04]}
Ra3 {[%clk 0:19:20]} 60.Ke2 {[%clk 0:35:28]} Rb3 {[%clk 0:19:19]}
61.Ra7 {[%clk 0:34:54]} Rc3 {[%clk 0:18:29]} 62.Ra6 {[%clk 0:34:03]}
Rb3 {[%clk 0:15:30]} 63.Rg6 {[%clk 0:34:15]} Ra3 {[%clk 0:15:07]}
64.Rd6 {[%clk 0:34:20]} Rb3 {[%clk 0:12:45]} 65.Rd3 {[%clk 0:34:42]}
Rb4 {[%clk 0:11:59]} 66.Ke3 {[%clk 0:35:08]} Ra4 {[%clk 0:11:38]}
67.Rd7 {[%clk 0:35:31]} Rb4 {[%clk 0:11:35]} 68.Ra7 {[%clk 0:35:39]}
Rc4 {[%clk 0:11:49]} 69.Ra6 {[%clk 0:35:34]} Rb4 {[%clk 0:11:51]}
70.Rg6 {[%clk 0:35:24]} Ra4 {[%clk 0:12:02]} 71.e6 {[%clk 0:35:29]}
Ra7 {[%clk 0:11:02]} 72.Kd4 {[%clk 0:35:46]} Ra4+ {[%clk 0:10:45]}
73.Kc5 {[%clk 0:35:16]} Ra5+ {[%clk 0:09:32]} 74.Kb4 {[%clk 0:35:07]}
Ra7 {[%clk 0:09:43]} 75.Rg1 {[%clk 0:34:25]} Rc7 {[%clk 0:09:59]}
76.Rg2 {[%clk 0:34:53]} Ke8 {[%clk 0:09:45]} 77.Kb5 {[%clk 0:35:14]}
Kf8 {[%clk 0:09:55]} 78.Rg1 {[%clk 0:35:20]} Rc3 {[%clk 0:08:42]}
79.e7+ {[%clk 0:35:01]} 1-0

[Event "Russian Higher League 2021"]
[Site "?"]
[Date "2021.07.04"]
[Round "8.3"]
[White "Chigaev, Maksim"]
[Black "Paravyan, David"]
[Result "1/2-1/2"]
[WhiteElo "2630"]
[BlackElo "2629"]
[Annotator ""]
[Source ""]
[Remark ""]

1.e4 {[%clk 1:30:55]} c5 {[%clk 1:30:55]} 2.c3 {[%clk 1:31:19]}
d5 {[%clk 1:30:38]} 3.exd5 {[%clk 1:31:41]} Qxd5 {[%clk 1:31:05]}
4.d4 {[%clk 1:32:01]} Nf6 {[%clk 1:31:29]} 5.Nf3 {[%clk 1:32:24]}
Bd7 {[%clk 1:31:52]} 6.Be2 {[%clk 1:18:41]} e6 {[%clk 1:32:15]}
7.O-O {[%clk 1:17:39]} cxd4 {[%clk 1:32:42]} 8.Qxd4 {[%clk 1:17:58]}
Nc6 {[%clk 1:25:36]} 9.Qxd5 {[%clk 1:18:06]} Nxd5 {[%clk 1:26:02]}
10.a3 {[%clk 1:01:33]} Bd6 {[%clk 1:25:05]} 11.Rd1 {[%clk 0:57:46]}
Bc7 {[%clk 1:23:20]} 12.c4 {[%clk 0:57:20]} Nf4 {[%clk 1:23:15]}
13.Bf1 {[%clk 0:57:23]} e5 {[%clk 0:56:15]} 14.Nc3 {[%clk 0:43:35]}
O-O-O {[%clk 0:56:05]} 15.Bxf4 {[%clk 0:41:13]} exf4 {[%clk 0:55:27]}
16.Nd5 {[%clk 0:40:11]} Bg4 {[%clk 0:55:15]} 17.Be2 {[%clk 0:40:34]}
Rhe8 {[%clk 0:33:45]} 18.Kf1 {[%clk 0:40:54]} Bb8 {[%clk 0:29:30]}
19.h3 {[%clk 0:37:44]} Be6 {[%clk 0:29:14]} 20.Rac1 {[%clk 0:31:51]}
h6 {[%clk 0:29:19]} 21.b4 {[%clk 0:27:26]} g5 {[%clk 0:26:45]}
22.Nf6 {[%clk 0:25:19]} Rh8 {[%clk 0:25:41]} 23.c5 {[%clk 0:23:57]}
a6 {[%clk 0:20:38]} 24.Rxd8+ {[%clk 0:17:07]} Rxd8 {[%clk 0:20:11]}
25.Bc4 {[%clk 0:17:31]} Bxc4+ {[%clk 0:10:03]} 26.Rxc4 {[%clk 0:17:58]}
Rd3 {[%clk 0:08:15]} 27.a4 {[%clk 0:15:04]} Rb3 {[%clk 0:06:52]}
28.Nd5 {[%clk 0:15:10]} f5 {[%clk 0:07:06]} 29.Nd4 {[%clk 0:13:27]}
Rb1+ {[%clk 0:07:33]} 30.Ke2 {[%clk 0:13:52]} Rb2+ {[%clk 0:07:19]}
31.Kf1 {[%clk 0:13:59]} Kd7 {[%clk 0:02:30]} 32.Nb6+ {[%clk 0:07:26]}
Kd8 {[%clk 0:02:57]} 33.Nxf5 {[%clk 0:04:01]} Be5 {[%clk 0:02:56]}
34.Nxh6 {[%clk 0:02:24]} Bd4 {[%clk 0:03:17]} 35.Ng4 {[%clk 0:01:36]}
Rxb4 {[%clk 0:03:40]} 36.Rc1 {[%clk 0:01:29]} Rb2 {[%clk 0:03:23]}
37.Nd5 {[%clk 0:01:00]} Ra2 {[%clk 0:03:29]} 38.Rc4 {[%clk 0:01:07]}
a5 {[%clk 0:01:16]} 39.h4 {[%clk 0:01:22]} f3 {[%clk 0:00:38]}
40.gxf3 {[%clk 0:31:18]} gxh4 {[%clk 0:31:04]} 41.Kg2 {[%clk 0:30:06]}
Kd7 {[%clk 0:21:24]} 42.f4 {[%clk 0:30:16]} Ra3 {[%clk 0:09:48]}
43.Nde3 {[%clk 0:25:18]} Rc3 {[%clk 0:05:42]} 44.Ne5+ {[%clk 0:20:48]}
Bxe5 {[%clk 0:06:09]} 45.fxe5 {[%clk 0:21:13]} Rxc4 {[%clk 0:06:36]}
46.Nxc4 {[%clk 0:21:36]} Ke6 {[%clk 0:07:05]} 47.Nd6 {[%clk 0:08:43]}
Nxe5 {[%clk 0:07:31]} 48.Nxb7 {[%clk 0:09:06]} Kd5 {[%clk 0:07:23]}
49.Nxa5 {[%clk 0:08:12]} Kxc5 {[%clk 0:07:47]} 50.f4 {[%clk 0:06:44]}
Nd3 {[%clk 0:07:55]} 51.f5 {[%clk 0:04:02]} Nf4+ {[%clk 0:05:12]}
52.Kh2 {[%clk 0:02:38]} Kb4 {[%clk 0:04:03]} 53.Nc6+ {[%clk 0:02:32]}
Kxa4 {[%clk 0:04:30]} 54.f6 {[%clk 0:01:02]} Kb5 {[%clk 0:04:21]}
55.f7 {[%clk 0:00:59]} Ng6 {[%clk 0:04:47]} 56.Ne5 {[%clk 0:00:50]}
Nf8 {[%clk 0:05:15]} 57.Kh3 {[%clk 0:01:16]} Kc5 {[%clk 0:05:40]}
58.Kxh4 {[%clk 0:01:41]} Kd6 {[%clk 0:06:04]} 59.Nf3 {[%clk 0:02:00]}
Ke6 {[%clk 0:06:25]} 60.Kg3 {[%clk 0:02:25]} Kxf7 {[%clk 0:06:51]} 1/2-1/2

[Event "Russian Higher League 2021"]
[Site "?"]
[Date "2021.07.04"]
[Round "8.4"]
[White "Matlakov, Maxim"]
[Black "Antipov, Mikhail Al."]
[Result "1/2-1/2"]
[WhiteElo "2688"]
[BlackElo "2596"]
[Annotator ""]
[Source ""]
[Remark ""]

1.d4 {[%clk 1:30:55]} Nf6 {[%clk 1:30:56]} 2.c4 {[%clk 1:31:15]}
g6 {[%clk 1:31:21]} 3.Nf3 {[%clk 1:31:24]} Bg7 {[%clk 1:31:44]}
4.g3 {[%clk 1:31:47]} c6 {[%clk 1:32:10]} 5.Bg2 {[%clk 1:32:03]}
d5 {[%clk 1:32:32]} 6.O-O {[%clk 1:32:25]} O-O {[%clk 1:32:55]}
7.Nc3 {[%clk 1:32:28]} dxc4 {[%clk 1:32:27]} 8.e4 {[%clk 1:28:59]}
Bg4 {[%clk 1:29:01]} 9.h3 {[%clk 1:28:12]} Bxf3 {[%clk 1:26:21]}
10.Bxf3 {[%clk 1:28:36]} Na6 {[%clk 1:16:34]} 11.e5 {[%clk 1:25:36]}
Nd5 {[%clk 1:16:34]} 12.Qe2 {[%clk 1:25:23]} Nac7 {[%clk 1:08:36]}
13.h4 {[%clk 1:06:19]} h5 {[%clk 0:35:35]} 14.a4 {[%clk 1:00:29]}
Qd7 {[%clk 0:28:15]} 15.Rd1 {[%clk 0:54:47]} Rad8 {[%clk 0:26:11]}
16.Qxc4 {[%clk 0:42:09]} Ne6 {[%clk 0:26:31]} 17.Nxd5 {[%clk 0:32:16]}
cxd5 {[%clk 0:26:57]} 18.Qb3 {[%clk 0:32:14]} f5 {[%clk 0:23:13]}
19.a5 {[%clk 0:25:17]} f4 {[%clk 0:20:51]} 20.Bg2 {[%clk 0:23:01]}
Kh7 {[%clk 0:19:08]} 21.Qa4 {[%clk 0:13:03]} Qc8 {[%clk 0:10:45]}
22.Bh3 {[%clk 0:05:36]} fxg3 {[%clk 0:09:30]} 23.fxg3 {[%clk 0:05:51]}
Rf3 {[%clk 0:09:55]} 24.Ra3 {[%clk 0:02:53]} Rdf8 {[%clk 0:10:14]}
25.Bg2 {[%clk 0:01:45]} Rf2 {[%clk 0:05:31]} 26.Rc3 {[%clk 0:02:02]}
Nc7 {[%clk 0:05:58]} 27.Rd2 {[%clk 0:00:44]} Rxd2 {[%clk 0:02:33]}
28.Bxd2 {[%clk 0:01:13]} Qg4 {[%clk 0:02:57]} 29.Bf4 {[%clk 0:00:36]}
Ne6 {[%clk 0:01:54]} 30.Bf3 {[%clk 0:01:05]} Qf5 {[%clk 0:01:52]}
31.Bc1 Qh3 {[%clk 0:00:46]} 32.Be2 {[%clk 0:01:49]} Qf5 {[%clk 0:01:15]}
33.Bf3 {[%clk 0:01:35]} Nxd4 {[%clk 0:00:39]} 34.Qxd4 {[%clk 0:02:02]}
Bxe5 {[%clk 0:01:05]} 35.Qe3 {[%clk 0:01:24]} Bxc3 {[%clk 0:00:37]}
36.bxc3 {[%clk 0:01:50]} Qxf3 {[%clk 0:00:33]} 37.Qh6+ {[%clk 0:02:16]}
Kg8 {[%clk 0:00:59]} 38.Qxg6+ {[%clk 0:02:43]} Kh8 {[%clk 0:01:24]}
39.Qh6+ {[%clk 0:03:10]} Kg8 {[%clk 0:01:49]} 40.Qg6+ {[%clk 0:33:38]}
Kh8 {[%clk 0:32:14]} 1/2-1/2

[Event "Russian Higher League 2021"]
[Site "?"]
[Date "2021.07.04"]
[Round "8.5"]
[White "Goryachkina, Aleksandra"]
[Black "Predke, Alexandr"]
[Result "1-0"]
[WhiteElo "2596"]
[BlackElo "2683"]
[Annotator ""]
[Source ""]
[Remark ""]

1.d4 {[%clk 1:30:53]} g6 {[%clk 1:29:51]} 2.e4 {[%clk 1:29:47]}
Bg7 {[%clk 1:30:10]} 3.c4 {[%clk 1:28:46]} c5 {[%clk 1:30:27]}
4.d5 {[%clk 1:27:44]} d6 {[%clk 1:30:42]} 5.Nc3 {[%clk 1:22:58]}
e6 {[%clk 1:29:55]} 6.Be2 {[%clk 1:20:09]} exd5 {[%clk 1:27:58]}
7.exd5 {[%clk 1:19:30]} Ne7 {[%clk 1:24:24]} 8.Nf3 {[%clk 1:17:36]}
O-O {[%clk 1:14:03]} 9.O-O {[%clk 1:17:38]} h6 {[%clk 1:02:20]}
10.Bd2 {[%clk 1:08:53]} g5 {[%clk 0:58:47]} 11.h4 {[%clk 1:01:52]}
g4 {[%clk 0:58:03]} 12.Ne1 {[%clk 1:01:37]} f5 {[%clk 0:51:20]}
13.Nd3 {[%clk 0:59:02]} Nd7 {[%clk 0:50:48]} 14.Nf4 {[%clk 0:55:38]}
Ne5 {[%clk 0:49:36]} 15.h5 {[%clk 0:54:28]} Kh7 {[%clk 0:44:30]}
16.Bd3 {[%clk 0:48:03]} Ng8 {[%clk 0:37:40]} 17.Nce2 {[%clk 0:47:13]}
b5 {[%clk 0:32:50]} 18.cxb5 {[%clk 0:44:14]} Nf6 {[%clk 0:25:45]}
19.Bc3 {[%clk 0:40:02]} Ne4 {[%clk 0:26:10]} 20.Bxe4 {[%clk 0:37:24]}
fxe4 {[%clk 0:26:35]} 21.Bxe5 {[%clk 0:35:55]} Bxe5 {[%clk 0:25:46]}
22.Ng6 {[%clk 0:35:43]} Rf5 {[%clk 0:23:43]} 23.Nxe5 {[%clk 0:35:24]}
Rxe5 {[%clk 0:21:41]} 24.Ng3 {[%clk 0:34:40]} Bb7 {[%clk 0:10:04]}
25.Qxg4 {[%clk 0:30:09]} Qe8 {[%clk 0:10:03]} 26.Rad1 {[%clk 0:25:36]}
Bxd5 {[%clk 0:07:09]} 27.Nf5 {[%clk 0:23:32]} Qg8 {[%clk 0:04:09]}
28.Qg6+ {[%clk 0:21:44]} Qxg6 {[%clk 0:04:34]} 29.hxg6+ {[%clk 0:22:09]}
Kxg6 {[%clk 0:05:02]} 30.Rxd5 {[%clk 0:22:00]} Rxf5 {[%clk 0:04:15]}
31.Rxd6+ {[%clk 0:22:25]} Kg5 {[%clk 0:04:43]} 32.Rfd1 {[%clk 0:22:01]}
Re8 {[%clk 0:04:26]} 33.R1d5 {[%clk 0:18:00]} c4 {[%clk 0:03:56]}
34.Rxf5+ {[%clk 0:16:56]} Kxf5 {[%clk 0:04:22]} 35.Rd7 {[%clk 0:15:21]}
Re5 {[%clk 0:04:19]} 36.a4 {[%clk 0:15:13]} e3 {[%clk 0:04:47]}
37.Kf1 {[%clk 0:13:18]} Kg6 {[%clk 0:05:11]} 38.Rxa7 {[%clk 0:10:23]}
Rf5 {[%clk 0:05:36]} 39.f3 {[%clk 0:10:14]} Rd5 {[%clk 0:05:52]}
40.Ke2 {[%clk 0:40:09]} Rd2+ {[%clk 0:36:08]} 41.Kxe3 {[%clk 0:40:26]}
Rxg2 {[%clk 0:36:33]} 42.Rc7 {[%clk 0:38:47]} 1-0

[Event "Russian Higher League 2021"]
[Site "?"]
[Date "2021.07.04"]
[Round "8.6"]
[White "Lysyj, Igor"]
[Black "Alekseev, Evgeny"]
[Result "0-1"]
[WhiteElo "2605"]
[BlackElo "2605"]
[Annotator ""]
[Source ""]
[Remark ""]

1.d4 {[%clk 1:30:56]} Nf6 {[%clk 1:30:36]} 2.c4 {[%clk 1:31:18]}
e6 {[%clk 1:30:32]} 3.Nf3 {[%clk 1:31:43]} d5 {[%clk 1:29:47]}
4.Nc3 {[%clk 1:31:59]} Bb4 {[%clk 1:27:13]} 5.Bg5 {[%clk 1:32:16]}
h6 {[%clk 1:24:04]} 6.Bxf6 {[%clk 1:32:11]} Qxf6 {[%clk 1:24:02]}
7.Qa4+ {[%clk 1:32:37]} Nc6 {[%clk 1:24:21]} 8.e3 {[%clk 1:32:59]}
O-O {[%clk 1:23:27]} 9.Be2 {[%clk 1:33:09]} Rd8 {[%clk 0:56:44]}
10.O-O {[%clk 1:31:09]} Bf8 {[%clk 0:52:45]} 11.Rfd1 {[%clk 1:25:02]}
Qe7 {[%clk 0:48:08]} 12.a3 {[%clk 1:18:08]} Nb8 {[%clk 0:42:09]}
13.Qc2 {[%clk 1:15:30]} c6 {[%clk 0:38:15]} 14.e4 {[%clk 1:15:36]}
dxe4 {[%clk 0:38:20]} 15.Nxe4 {[%clk 1:15:05]} Qc7 {[%clk 0:32:03]}
16.c5 {[%clk 1:10:17]} Nd7 {[%clk 0:30:39]} 17.Rac1 {[%clk 0:58:41]}
b6 {[%clk 0:28:21]} 18.b4 {[%clk 0:57:27]} Bb7 {[%clk 0:26:54]}
19.Bc4 {[%clk 0:52:30]} Be7 {[%clk 0:20:35]} 20.Ba2 {[%clk 0:50:44]}
a5 {[%clk 0:18:42]} 21.Bb1 {[%clk 0:48:19]} axb4 {[%clk 0:18:54]}
22.axb4 {[%clk 0:42:46]} Ba6 {[%clk 0:13:30]} 23.Ng3 {[%clk 0:33:47]}
Nf8 {[%clk 0:13:12]} 24.Qe4 {[%clk 0:30:33]} Bb5 {[%clk 0:13:22]}
25.Nh5 {[%clk 0:24:37]} g6 {[%clk 0:06:43]} 26.cxb6 {[%clk 0:14:26]}
Qxb6 {[%clk 0:06:55]} 27.Ne5 {[%clk 0:10:39]} f5 {[%clk 0:05:05]}
28.Qe3 {[%clk 0:09:42]} gxh5 {[%clk 0:03:26]} 29.Qxh6 {[%clk 0:10:05]}
Rxd4 {[%clk 0:02:54]} 30.Qxh5 {[%clk 0:10:13]} Qd8 {[%clk 0:02:23]}
31.Qf7+ {[%clk 0:06:27]} Kh8 {[%clk 0:02:52]} 32.Qh5+ {[%clk 0:06:51]}
Kg7 {[%clk 0:02:54]} 33.Qf7+ {[%clk 0:07:09]} Kh8 {[%clk 0:01:34]}
34.Qh5+ {[%clk 0:07:35]} Kg7 {[%clk 0:02:01]} 35.Qf7+ {[%clk 0:08:01]}
Kh6 {[%clk 0:01:55]} 36.Bc2 {[%clk 0:05:48]} Qd6 {[%clk 0:00:43]}
37.Re1 {[%clk 0:02:35]} Bg5 {[%clk 0:00:43]} 38.Rcd1 {[%clk 0:00:37]}
Rxd1 {[%clk 0:00:39]} 39.Bxd1 {[%clk 0:01:03]} Qe7 {[%clk 0:00:49]}
40.Qg8 {[%clk 0:30:58]} Ra7 {[%clk 0:30:40]} 41.Qh8+ {[%clk 0:22:58]}
Nh7 {[%clk 0:31:02]} 42.Qg8 {[%clk 0:23:22]} Nf8 {[%clk 0:26:55]}
43.Qh8+ {[%clk 0:23:46]} Nh7 {[%clk 0:27:19]} 44.Qg8 {[%clk 0:24:13]}
Qf6 {[%clk 0:22:24]} 45.g3 {[%clk 0:08:30]} Nf8 {[%clk 0:14:43]}
46.Bf3 {[%clk 0:08:25]} Qg7 {[%clk 0:12:43]} 47.Qxg7+ {[%clk 0:08:38]}
Kxg7 {[%clk 0:13:04]} 48.Bxc6 {[%clk 0:08:05]} Bxc6 {[%clk 0:12:27]}
49.Nxc6 {[%clk 0:08:31]} Rb7 {[%clk 0:10:41]} 50.f4 {[%clk 0:06:41]}
Bf6 {[%clk 0:10:18]} 51.h3 {[%clk 0:05:08]} Rb6 {[%clk 0:08:53]}
52.Rc1 {[%clk 0:05:23]} Ng6 {[%clk 0:09:00]} 53.Rc5 {[%clk 0:03:52]}
Ne7 {[%clk 0:06:45]} 54.b5 {[%clk 0:04:21]} Nd5 {[%clk 0:07:01]}
55.Kg2 {[%clk 0:02:53]} Nc3 {[%clk 0:06:56]} 56.g4 {[%clk 0:03:20]}
Ne4 {[%clk 0:06:04]} 57.Rc2 {[%clk 0:03:46]} Rxb5 {[%clk 0:06:24]}
58.g5 {[%clk 0:04:12]} Bc3 {[%clk 0:04:07]} 59.h4 {[%clk 0:04:40]}
Kg6 {[%clk 0:03:55]} 60.Kf3 {[%clk 0:04:24]} Rb3 {[%clk 0:01:07]}
61.h5+ {[%clk 0:03:14]} Kxh5 {[%clk 0:01:33]} 62.Rh2+ {[%clk 0:03:42]}
Kg6 {[%clk 0:01:57]} 63.Rh6+ {[%clk 0:04:09]} Kf7 {[%clk 0:02:20]}
64.Ke2 {[%clk 0:04:36]} Bg7 {[%clk 0:01:52]} 0-1

[Event "Russian Higher League 2021"]
[Site "?"]
[Date "2021.07.04"]
[Round "8.7"]
[White "Kokarev, Dmitry"]
[Black "Demchenko, Anton"]
[Result "0-1"]
[WhiteElo "2618"]
[BlackElo "2600"]
[Annotator ""]
[Source ""]
[Remark ""]

1.e4 {[%clk 1:30:50]} c5 {[%clk 1:30:50]} 2.Nf3 {[%clk 1:31:14]}
Nc6 {[%clk 1:31:17]} 3.d4 {[%clk 1:31:37]} cxd4 {[%clk 1:31:42]}
4.Nxd4 {[%clk 1:32:02]} Nf6 {[%clk 1:32:08]} 5.Nc3 {[%clk 1:32:20]}
d6 {[%clk 1:32:33]} 6.Bg5 {[%clk 1:32:42]} e6 {[%clk 1:32:52]}
7.Qd2 {[%clk 1:33:04]} a6 {[%clk 1:33:16]} 8.O-O-O {[%clk 1:33:24]}
Bd7 {[%clk 1:33:21]} 9.f4 {[%clk 1:33:42]} Be7 {[%clk 1:33:45]}
10.Nf3 {[%clk 1:33:56]} b5 {[%clk 1:34:04]} 11.Bxf6 {[%clk 1:34:15]}
gxf6 {[%clk 1:34:25]} 12.f5 {[%clk 1:34:37]} Qa5 {[%clk 1:34:32]}
13.Kb1 {[%clk 1:33:27]} h5 {[%clk 1:34:49]} 14.g3 {[%clk 1:20:09]}
Rc8 {[%clk 1:35:06]} 15.Bh3 {[%clk 1:15:45]} b4 {[%clk 1:33:22]}
16.Ne2 {[%clk 1:15:51]} e5 {[%clk 1:33:40]} 17.Nc1 {[%clk 1:02:03]}
Qb6 {[%clk 1:32:24]} 18.Rhe1 {[%clk 1:01:40]} a5 {[%clk 1:25:23]}
19.Bf1 {[%clk 0:50:44]} Na7 {[%clk 1:23:57]} 20.Qe2 {[%clk 0:46:37]}
Nb5 {[%clk 1:18:54]} 21.Rd5 {[%clk 0:46:16]} Nc7 {[%clk 1:05:53]}
22.Rdd1 {[%clk 0:46:38]} a4 {[%clk 0:50:35]} 23.Nd2 {[%clk 0:44:15]}
Nb5 {[%clk 0:46:14]} 24.Nc4 {[%clk 0:42:32]} Qb8 {[%clk 0:45:49]}
25.Qe3 {[%clk 0:35:35]} Rc5 {[%clk 0:40:21]} 26.Ka1 {[%clk 0:31:38]}
Qc7 {[%clk 0:38:16]} 27.b3 {[%clk 0:31:29]} Nc3 {[%clk 0:32:49]}
28.Rd2 {[%clk 0:27:53]} Bc6 {[%clk 0:24:06]} 29.Nd3 {[%clk 0:23:47]}
Rxc4 {[%clk 0:24:28]} 30.bxc4 {[%clk 0:24:11]} Qa5 {[%clk 0:24:43]}
31.Nc1 {[%clk 0:22:36]} Kf8 {[%clk 0:20:21]} 32.Bg2 {[%clk 0:16:42]}
Kg7 {[%clk 0:20:06]} 33.Rf1 {[%clk 0:15:45]} Rb8 {[%clk 0:16:37]}
34.g4 {[%clk 0:13:40]} b3 {[%clk 0:06:00]} 35.cxb3 {[%clk 0:13:55]}
axb3 {[%clk 0:06:27]} 36.Rb2 {[%clk 0:13:33]} d5 {[%clk 0:06:49]}
37.g5 {[%clk 0:11:40]} dxc4 {[%clk 0:05:10]} 38.gxf6+ {[%clk 0:09:45]}
Bxf6 {[%clk 0:05:31]} 39.Qe1 {[%clk 0:04:41]} Ra8 {[%clk 0:04:22]}
40.Bf3 {[%clk 0:34:00]} Kf8 {[%clk 0:32:33]} 41.Rff2 {[%clk 0:20:29]}
Qb4 {[%clk 0:21:41]} 42.Qd2 {[%clk 0:15:04]} Ke7 {[%clk 0:18:06]}
43.Qe3 {[%clk 0:15:01]} Ra6 {[%clk 0:13:24]} 44.Qd2 {[%clk 0:11:00]}
Nxa2 {[%clk 0:09:00]} 0-1

[Event "Russian Higher League 2021"]
[Site "?"]
[Date "2021.07.04"]
[Round "8.8"]
[White "Makarian, Rudik"]
[Black "Dreev, Aleksey"]
[Result "1-0"]
[WhiteElo "2460"]
[BlackElo "2647"]
[Annotator ""]
[Source ""]
[Remark ""]

1.d4 {[%clk 1:30:58]} d5 {[%clk 1:30:32]} 2.c4 {[%clk 1:31:18]}
e6 {[%clk 1:30:58]} 3.Nf3 {[%clk 1:31:24]} Nf6 {[%clk 1:31:17]}
4.Nc3 {[%clk 1:31:36]} c5 {[%clk 1:31:34]} 5.cxd5 {[%clk 1:31:21]}
exd5 {[%clk 1:31:57]} 6.g3 {[%clk 1:31:22]} Nc6 {[%clk 1:32:09]}
7.Bg2 {[%clk 1:31:48]} cxd4 {[%clk 1:32:00]} 8.Nxd4 {[%clk 1:32:15]}
Bc5 {[%clk 1:32:21]} 9.Nb3 {[%clk 1:32:43]} Bb6 {[%clk 1:31:14]}
10.O-O {[%clk 1:33:07]} d4 {[%clk 1:25:01]} 11.Na4 {[%clk 1:33:33]}
O-O {[%clk 1:24:47]} 12.Bg5 {[%clk 1:33:56]} Re8 {[%clk 1:12:21]}
13.Re1 {[%clk 1:34:18]} Bg4 {[%clk 1:10:11]} 14.Nbc5 {[%clk 1:22:43]}
Qe7 {[%clk 0:46:54]} 15.Bxc6 {[%clk 1:09:17]} bxc6 {[%clk 0:44:22]}
16.Qxd4 {[%clk 1:08:40]} Bxe2 {[%clk 0:39:19]} 17.Bxf6 {[%clk 1:04:17]}
Qxf6 {[%clk 0:37:18]} 18.Qxf6 {[%clk 1:04:14]} gxf6 {[%clk 0:37:43]}
19.Nxb6 {[%clk 1:04:42]} axb6 {[%clk 0:38:05]} 20.Nd7 {[%clk 1:05:10]}
Re6 {[%clk 0:31:26]} 21.Nxb6 {[%clk 1:05:00]} Ra5 {[%clk 0:30:30]}
22.a4 {[%clk 0:59:20]} Bf3 {[%clk 0:18:54]} 23.Rxe6 {[%clk 0:55:28]}
fxe6 {[%clk 0:19:11]} 24.b4 {[%clk 0:55:57]} Re5 {[%clk 0:18:51]}
25.Nd7 {[%clk 0:55:31]} 1-0

[Event "Russian Higher League 2021"]
[Site "?"]
[Date "2021.07.04"]
[Round "8.9"]
[White "Lobanov, Sergei"]
[Black "Romanov, Evgeny"]
[Result "1/2-1/2"]
[WhiteElo "2514"]
[BlackElo "2599"]
[Annotator ""]
[Source ""]
[Remark ""]

1.e4 e5 {[%clk 1:28:16]} 2.Nf3 {[%clk 1:31:19]} Nc6 {[%clk 1:28:39]}
3.Bb5 {[%clk 1:31:43]} a6 {[%clk 1:29:00]} 4.Ba4 {[%clk 1:32:08]}
f5 {[%clk 1:29:18]} 5.d4 {[%clk 1:31:32]} exd4 {[%clk 1:29:34]}
6.e5 {[%clk 1:31:37]} b5 {[%clk 1:29:49]} 7.Bb3 {[%clk 1:32:03]}
Bb7 {[%clk 1:30:04]} 8.O-O {[%clk 1:32:11]} Na5 {[%clk 1:27:35]}
9.Nxd4 {[%clk 1:28:36]} c5 {[%clk 1:27:49]} 10.Nxf5 {[%clk 1:01:05]}
c4 {[%clk 1:28:05]} 11.Nxg7+ {[%clk 1:01:19]} Bxg7 {[%clk 1:22:27]}
12.Qh5+ {[%clk 1:01:48]} Kf8 {[%clk 1:22:13]} 13.Qf5+ {[%clk 1:02:05]}
Ke8 {[%clk 1:16:12]} 14.Qh5+ {[%clk 1:01:16]} Kf8 {[%clk 1:16:17]}
15.Qf5+ {[%clk 1:01:42]} Ke8 {[%clk 1:14:18]} 1/2-1/2